000 00283 a2200121 4500
005 20260317090227.0
020 _a9781789293159
100 _aSHAH,V
245 _aThought Economics
260 _aLondon
_bMichael O'mara Books Limited
_c2021
300 _a288p.
_c23.cm
942 _2ddc
_cBKS
999 _c6850
_d6850